Kozier & Erb's fundamentals of nursing : (Record no. 2345)

MARC details
000 -LEADER
fixed length control field 00492cam a22001698i 4500
008 - FIXED-LENGTH DATA ELEMENTS--GENERAL INFORMATION
fixed length control field 190808s2021 nju b 001 0 eng
020 ## - INTERNATIONAL STANDARD BOOK NUMBER
ISBN 9780135428733
020 ## - INTERNATIONAL STANDARD BOOK NUMBER
ISBN 0135428734
100 1# - MAIN ENTRY--AUTHOR
Author Berman, Audrey,
245 10 - TITLE STATEMENT
Title Kozier & Erb's fundamentals of nursing :
Remainder of title concepts, process, and practice /
Statement of responsibility, etc Audrey Berman, Shirlee J. Snyder, Geralyn Frandsen.
250 ## - EDITION STATEMENT
Edition statement Eleventh edition.
260 ## - PUBLICATION, DISTRIBUTION, ETC. (IMPRINT)
Name of publisher Pearson
Date of publication 2021
300 ## - COLLATION
Pagination pages cm
942 ## - ADDED ENTRY ELEMENTS (KOHA)
Item type Books
050 00 - LIBRARY OF CONGRESS CALL NUMBER
Classification number RT41
082 00 - DEWEY DECIMAL CLASSIFICATION NUMBER
Classification number 610.73
Holdings
Source of classification or shelving scheme Not for loan Permanent location Current location Date acquired Accession No. Barcode. Koha item type
Library of Congress Classification   Medical Library Medical Library 03/21/2025 0067547943 2025-0612 Books